000 00256nam a2200109Ia 4500
008 190216s9999||||xx |||||||||||||| ||und||
100 _aMansingh
245 0 _aHindi-Hindi Ka Vakyatimak Vyakaran
260 _bSahithya Sadan
650 _aHindi
942 _cBK
999 _c15494
_d15494